[Event "Open Marianske Lazne 2018 - A + B"]
[Site "?"]
[Date "2018.01.23"]
[Round "5"]
[White "Miesbauer, Jan"]
[Black "Chernyshov, Konstantin"]
[Result "0-1"]
[WhiteElo "2276"]
[BlackElo "2480"]
[PlyCount "120"]
[EventDate "2018.??.??"]

1. e4 e6 2. d4 d5 3. Nd2 dxe4 4. Nxe4 Bd7 5. Nf3 Bc6 6. Bd3 Nd7 7. O-O Ngf6 8.
Ng3 Be7 9. b3 O-O 10. c4 Bxf3 11. Qxf3 c6 12. Bb2 Qa5 13. a3 Bd6 14. Rfe1 Qd2
15. Re2 Qf4 16. Qxf4 Bxf4 17. Ne4 Nxe4 18. Bxe4 Rad8 19. g3 Bg5 20. Rd1 Bf6 21.
Red2 Rfe8 22. h4 Nb6 23. Bc3 g6 24. f4 h5 25. a4 Nc8 26. Kf2 Nd6 27. Kf3 Rd7
28. Bb4 Nxe4 29. Kxe4 Kg7 30. a5 b6 31. Rd3 Rb8 32. axb6 axb6 33. Ra1 Rbd8 34.
Rad1 Ra7 35. R1d2 Ra1 36. Rd1 Ra2 37. R3d2 Raa8 38. Rd3 Rd7 39. R1d2 Rb8 40.
Ra2 Rbd8 41. Rad2 Ra8 42. Rd1 Kg8 43. R1d2 Bg7 44. Rd1 Bf8 45. Bxf8 Kxf8 46. d5
exd5+ 47. cxd5 Re8+ 48. Kf3 c5 49. Re3 Rxe3+ 50. Kxe3 f5 51. b4 Ke7 52. bxc5
bxc5 53. Rd3 Kd6 54. Kd2 Ra7 55. Rb3 Ra6 56. Rd3 c4 57. Re3 Kxd5 58. Re8 Ra2+
59. Ke3 Ra3+ 60. Kf2 c3 0-1

[Event "Open Marianske Lazne 2018 - A + B"]
[Site "?"]
[Date "2018.01.23"]
[Round "5"]
[White "Stocek, Jiri"]
[Black "Obolentseva, Alexandra"]
[Result "1-0"]
[WhiteElo "2566"]
[BlackElo "2315"]
[PlyCount "79"]
[EventDate "2018.??.??"]

1. d4 Nf6 2. Nf3 g6 3. Bf4 Bg7 4. e3 O-O 5. h3 c5 6. c3 cxd4 7. exd4 b6 8. Bd3
Bb7 9. O-O d6 10. Re1 Nc6 11. Bf1 Nh5 12. Bh2 Qc7 13. Na3 Rae8 14. Nc4 Qd8 15.
a4 d5 16. Nce5 Bxe5 17. Nxe5 f6 18. Nxc6 Bxc6 19. b4 Ng7 20. b5 Bb7 21. a5 Qd7
22. Qa4 bxa5 23. Qxa5 Ra8 24. Qb4 Kf7 25. Ra2 Nf5 26. Rea1 Nd6 27. Rxa7 Rxa7
28. Rxa7 Ra8 29. Rxa8 Bxa8 30. Bxd6 exd6 31. Be2 Ke7 32. Bf3 Bb7 33. Qa5 f5 34.
h4 Kf6 35. b6 Qc6 36. Qa7 h6 37. Qb8 Bc8 38. c4 Qxc4 39. Qxd6+ Kg7 40. Qe5+ 1-0

[Event "Open Marianske Lazne 2018 - A + B"]
[Site "?"]
[Date "2018.01.23"]
[Round "5"]
[White "Low, Zhen Yu Cyrus"]
[Black "Srinath, Rao S V"]
[Result "1-0"]
[WhiteElo "2437"]
[BlackElo "2270"]
[PlyCount "79"]
[EventDate "2018.??.??"]

1. e4 e6 2. d4 d5 3. Nd2 Nf6 4. e5 Nfd7 5. c3 c5 6. Bd3 Nc6 7. Ne2 cxd4 8. cxd4
f6 9. exf6 Qxf6 10. Nf3 h6 11. O-O Bd6 12. Ng3 O-O 13. Bc2 Rf7 14. Re1 Nf8 15.
Nh5 Qd8 16. Ne5 Nxe5 17. dxe5 Bc5 18. Be3 d4 19. Bf4 Bd7 20. Qg4 Kh8 21. Rad1
Rc8 22. Bb1 Bb5 23. a4 Bc4 24. b3 Bxb3 25. Rd3 Bb4 26. Re4 Rc3 27. Rexd4 Qc7
28. h4 Rxd3 29. Rxd3 Bc2 30. Bxc2 Qxc2 31. Bxh6 Qxd3 32. Bxg7+ Kh7 33. Nf6+
Rxf6 34. Bxf6 Qb1+ 35. Kh2 Ng6 36. h5 Bc5 37. Qxe6 Qd3 38. Qf7+ Kh6 39. Qg7+
Kxh5 40. f3 1-0

[Event "Open Marianske Lazne 2018 - A + B"]
[Site "?"]
[Date "2018.01.23"]
[Round "5"]
[White "Sari, Yasin"]
[Black "Yeritsyan, Aram"]
[Result "1-0"]
[WhiteElo "2309"]
[BlackElo "2309"]
[PlyCount "81"]
[EventDate "2018.??.??"]

1. e4 e5 2. Nf3 Nc6 3. d4 exd4 4. Nxd4 Bb4+ 5. c3 Bc5 6. Nxc6 bxc6 7. Bd3 d6 8.
O-O Nf6 9. h3 O-O 10. Bg5 Re8 11. Nd2 a5 12. Qf3 h6 13. Bh4 Ba6 14. Bxa6 Rxa6
15. Rad1 g5 16. Bg3 Nd7 17. Nb3 Qe7 18. Rfe1 Bb6 19. Nd4 Bxd4 20. cxd4 Rb6 21.
b3 Rb5 22. Re3 Qf6 23. Qg4 Qe6 24. Qe2 Qg6 25. d5 Rc5 26. dxc6 Nb6 27. e5 d5
28. e6 Rxe6 29. Bxc7 Rxe3 30. Qxe3 Rxc6 31. Qe8+ Kh7 32. Be5 Qe6 33. Qh8+ Kg6
34. Qg7+ Kf5 35. g4+ Ke4 36. Re1+ Kd3 37. Re3+ Kc2 38. Ba1 Qg6 39. Qb2+ Kd1 40.
Qe2+ Kc1 41. Qe1+ 1-0

[Event "Open Marianske Lazne 2018 - A + B"]
[Site "?"]
[Date "2018.01.23"]
[Round "5"]
[White "Nguyen, Thai Dai Van"]
[Black "Janik, Igor"]
[Result "1/2-1/2"]
[WhiteElo "2510"]
[BlackElo "2411"]
[PlyCount "140"]
[EventDate "2018.??.??"]

1. c4 Nf6 2. Nc3 e5 3. Nf3 Nc6 4. g3 Bb4 5. Bg2 Bxc3 6. bxc3 d6 7. O-O O-O 8.
d3 h6 9. Rb1 Rb8 10. e4 Nd7 11. Nh4 a6 12. f4 b5 13. cxb5 axb5 14. d4 Nb6 15.
fxe5 dxe5 16. Ba3 Re8 17. Qh5 f6 18. Rbd1 exd4 19. cxd4 Be6 20. e5 Bf7 21. Qf5
Nxd4 22. Qf2 Rxe5 23. Rxd4 Qe8 24. Nf5 Rxf5 25. Qxf5 Qe3+ 26. Qf2 Qxa3 27. Rfd1
Qf8 28. Qf5 c5 29. R4d3 Kh8 30. Rc1 Nc4 31. a4 Ne5 32. Rdc3 c4 33. axb5 Bg6 34.
Qf4 Qc5+ 35. Qe3 Qxb5 36. Bf1 Bf7 37. Bg2 Rd8 38. Rf1 Bg6 39. h3 Qb2 40. Rf2
Qb1+ 41. Rf1 Qb4 42. Ra3 Qd6 43. Rfa1 Kh7 44. Ra7 Re8 45. R7a6 Qb4 46. Rb6 Qf8
47. Rb7 Qd6 48. Qa7 Rg8 49. Qe3 Re8 50. Qa7 Rg8 51. Qe3 Qd3 52. Qxd3 cxd3 53.
Bf1 Rd8 54. Raa7 d2 55. Rxg7+ Kh8 56. Be2 d1=Q+ 57. Bxd1 Rxd1+ 58. Kf2 Rd2+ 59.
Ke3 Rd3+ 60. Kf2 Rf3+ 61. Kg2 Rb3 62. Kf2 Rf3+ 63. Kg2 Rd3 64. Kf2 Rd8 65. Rgc7
Kg8 66. Ra6 Rf8 67. g4 Nd3+ 68. Kg3 Nb4 69. Rd6 Bf7 70. Rb7 Nd5 1/2-1/2

[Event "Open Marianske Lazne 2018 - A + B"]
[Site "?"]
[Date "2018.01.23"]
[Round "5"]
[White "Plischki, Sebastian"]
[Black "Pena Gomez, Manuel"]
[Result "1/2-1/2"]
[WhiteElo "2395"]
[BlackElo "2491"]
[PlyCount "28"]
[EventDate "2018.??.??"]

1. d4 Nf6 2. Nf3 g6 3. c4 Bg7 4. g3 O-O 5. Bg2 d6 6. O-O Nbd7 7. Nc3 e5 8. e4
exd4 9. Nxd4 Re8 10. h3 Nc5 11. Re1 Bd7 12. Nb3 Na4 13. Nxa4 Bxa4 14. Bd2 Nd7
1/2-1/2

[Event "Open Marianske Lazne 2018 - A + B"]
[Site "?"]
[Date "2018.01.23"]
[Round "5"]
[White "Kochukova, Anna"]
[Black "German, Nikita"]
[Result "0-1"]
[WhiteElo "2110"]
[BlackElo "2229"]
[PlyCount "146"]
[EventDate "2018.??.??"]

1. e4 c5 2. Nf3 e6 3. d4 cxd4 4. Nxd4 a6 5. Bd3 Nf6 6. O-O Qc7 7. Qe2 d6 8. c4
g6 9. Nc3 Bg7 10. Nf3 Nbd7 11. Rd1 O-O 12. h3 Nh5 13. Bd2 b6 14. Rac1 Bb7 15.
b3 Rae8 16. g4 Nhf6 17. Bb1 Rd8 18. Bg5 Ba8 19. Qe3 Qb8 20. Nd4 Rfe8 21. f4 e5
22. Nde2 exf4 23. Bxf4 Nc5 24. Ng3 Ne6 25. g5 Nxf4 26. Qxf4 Nd7 27. Nd5 Bxd5
28. Rxd5 Nc5 29. Rf1 Qc7 30. Qh4 Qe7 31. b4 Ne6 32. Qg4 Nc7 33. Rd3 Qe5 34.
Rdf3 Re7 35. Kh1 Qb2 36. a3 Be5 37. h4 Ne6 38. R3f2 Qc3 39. Rf3 Qd2 40. R3f2
Qe3 41. Rf3 Qd2 42. R3f2 Qc3 43. Qf3 Qxf3+ 44. Rxf3 Nd4 45. Rd3 Rc8 46. Ba2 b5
47. cxb5 axb5 48. Bd5 Rc2 49. Rfd1 Rec7 50. Nf1 Ne6 51. Rf3 Rb2 52. Ne3 Rh2+
53. Kg1 Rxh4 54. Rf2 Nxg5 55. Rc2 Rxc2 56. Nxc2 Nxe4 57. Bc6 Nc3 58. Rd2 h5 59.
Ne1 Rc4 60. Bd7 h4 61. Nf3 Bg3 62. Kg2 Kg7 63. Nd4 Nb1 64. Rd3 Nxa3 65. Rxa3
Rxd4 66. Bxb5 Rxb4 67. Bd7 f5 68. Rd3 Kf6 69. Rd5 Be5 70. Rd3 g5 71. Rf3 Bf4
72. Rf2 g4 73. Re2 h3+ 0-1

[Event "Open Marianske Lazne 2018 - A + B"]
[Site "?"]
[Date "2018.01.23"]
[Round "5"]
[White "Raahul, V S."]
[Black "Navrodskiy, Boris"]
[Result "1/2-1/2"]
[WhiteElo "2205"]
[BlackElo "2101"]
[PlyCount "99"]
[EventDate "2018.??.??"]

1. c4 e6 2. g3 d5 3. Bg2 Nf6 4. Nf3 dxc4 5. Qa4+ Nbd7 6. Qxc4 a6 7. Qb3 c5 8.
a4 Bd6 9. O-O O-O 10. d3 Rb8 11. a5 Qe7 12. Nc3 Ne5 13. Nd2 Bd7 14. Nde4 Nxe4
15. Nxe4 Bc6 16. Nxd6 Qxd6 17. Bf4 Bxg2 18. Kxg2 f6 19. Qc3 Qd4 20. Qxd4 cxd4
21. Ra4 Rfd8 22. Bxe5 fxe5 23. Rc4 Rd5 24. Rfc1 Kf7 25. b4 b6 26. Rc7+ Kf6 27.
axb6 Rxb6 28. R1c4 Rdb5 29. Ra7 Rb7 30. Rxa6 Rxb4 31. Rcc6 Re7 32. Rc8 Rb5 33.
Ra2 Rf7 34. Re8 Re7 35. Rxe7 Kxe7 36. Kf3 Kf6 37. Ke4 Rb1 38. h4 h5 39. Rc2 Ra1
40. e3 dxe3 41. fxe3 Ra4+ 42. Rc4 Ra3 43. Rc8 Ra4+ 44. Kf3 g6 45. Rc5 Rb4 46.
Rc1 Ra4 47. Rg1 Ra3 48. Rf1 Ra4 49. e4 Ra3 50. g4 1/2-1/2

[Event "Open Marianske Lazne 2018 - A + B"]
[Site "?"]
[Date "2018.01.23"]
[Round "5"]
[White "Siekanski, Janusz"]
[Black "Varitski, Igor"]
[Result "0-1"]
[WhiteElo "2272"]
[BlackElo "2246"]
[PlyCount "76"]
[EventDate "2018.??.??"]

1. d4 e6 2. c4 f5 3. Nc3 Bb4 4. e3 Bxc3+ 5. bxc3 b6 6. Nh3 Nf6 7. f3 Bb7 8. a4
O-O 9. Bd3 d6 10. a5 g6 11. Qb3 c5 12. Nf4 Qe7 13. d5 exd5 14. Nxd5 Bxd5 15.
cxd5 Nbd7 16. O-O Ne5 17. c4 bxa5 18. Rxa5 Rab8 19. Qc2 Nh5 20. f4 Nxd3 21.
Qxd3 Nf6 22. Qa3 Rb7 23. Bb2 Ne4 24. Rb5 Rfb8 25. Rxb7 Qxb7 26. Ba1 Qb3 27. Qc1
Rb4 28. Qe1 Rxc4 29. h3 Rb4 30. Kh2 Rb8 31. Qh4 Qxd5 32. Rb1 Re8 33. Qh6 Qf7
34. g4 fxg4 35. hxg4 c4 36. f5 c3 37. Qf4 Qa2+ 38. Kh3 Qxb1 0-1

[Event "Open Marianske Lazne 2018 - A + B"]
[Site "?"]
[Date "2018.01.23"]
[Round "5"]
[White "Jurek, Josef"]
[Black "Solozhenkin, Evgeniy"]
[Result "1/2-1/2"]
[WhiteElo "2260"]
[BlackElo "2451"]
[PlyCount "27"]
[EventDate "2018.??.??"]

1. Nf3 Nf6 2. c4 g6 3. d4 d5 4. cxd5 Nxd5 5. e4 Nb6 6. h3 Bg7 7. Nc3 O-O 8. Be2
c6 9. O-O Be6 10. Bf4 Bc4 11. Bxc4 Nxc4 12. Qe2 Nb6 13. Rfd1 e6 14. Rac1
1/2-1/2

[Event "Open Marianske Lazne 2018 - A + B"]
[Site "?"]
[Date "2018.01.23"]
[Round "5"]
[White "Lee, Qing Aun"]
[Black "Turner, Jan"]
[Result "0-1"]
[WhiteElo "2277"]
[BlackElo "2368"]
[PlyCount "35"]
[EventDate "2018.??.??"]

1. e4 Nc6 2. Nf3 d6 3. h3 Nf6 4. Nc3 g6 5. d4 Bg7 6. Be3 O-O 7. Qd2 a6 8. a4 e5
9. Bc4 exd4 10. Nxd4 Re8 11. f3 d5 12. Nxc6 bxc6 13. O-O-O Qe7 14. Bb3 dxe4 15.
fxe4 Nxe4 16. Nxe4 Qxe4 17. Rhe1 Be6 18. Bf4 0-1

[Event "Open Marianske Lazne 2018 - A + B"]
[Site "?"]
[Date "2018.01.23"]
[Round "5"]
[White "Solozhenkina, Elizaveta"]
[Black "Csiki, Endre"]
[Result "1/2-1/2"]
[WhiteElo "2190"]
[BlackElo "2093"]
[PlyCount "101"]
[EventDate "2018.??.??"]

1. e4 e6 2. d4 d5 3. Nc3 Bb4 4. e5 c5 5. a3 Ba5 6. b4 cxd4 7. Qg4 Kf8 8. Nb5
Bb6 9. Nf3 Nc6 10. Bb2 Nge7 11. Nbxd4 h5 12. Qf4 Ng6 13. Nxc6 Nxf4 14. Nxd8
Bxd8 15. g3 Ng6 16. h4 Bd7 17. Bd3 Ne7 18. b5 Bb6 19. a4 Bc5 20. Nd4 Nf5 21.
Nb3 Be7 22. Bxf5 exf5 23. Kd2 Rc8 24. f4 Rc4 25. c3 Rh6 26. Ba3 Bxa3 27. Rxa3
Rg6 28. Rh3 Ke7 29. Nd4 Rc5 30. Ke3 a6 31. Kf2 a5 32. Rh1 Rh6 33. Rc1 Rc4 34.
Nc2 Rc5 35. Rd1 b6 36. Ne3 Be6 37. Rd3 Rh8 38. Ke2 Rhc8 39. Kd2 R8c7 40. Rd4
Rc8 41. Kc2 R8c7 42. Kb2 Rc8 43. Rd3 R8c7 44. Ra1 Rc8 45. Rad1 g6 46. R1d2 Kf8
47. Nxd5 Bxd5 48. Rxd5 Rxc3 49. Rd8+ Rxd8 50. Rxd8+ Ke7 51. Kxc3 1/2-1/2

[Event "Open Marianske Lazne 2018 - A + B"]
[Site "?"]
[Date "2018.01.23"]
[Round "5"]
[White "Vulfson, Vladimir"]
[Black "Sivakumar, Ashvin"]
[Result "1/2-1/2"]
[WhiteElo "2401"]
[BlackElo "2208"]
[PlyCount "116"]
[EventDate "2018.??.??"]

1. d4 Nf6 2. Nf3 d5 3. c4 c6 4. Nc3 e6 5. Bg5 Be7 6. e3 Nbd7 7. Bd3 O-O 8. O-O
h6 9. Bh4 dxc4 10. Bxc4 b5 11. Bd3 a6 12. Bxf6 Nxf6 13. Ne4 Bb7 14. Nc5 Bxc5
15. dxc5 Qe7 16. Qc2 e5 17. e4 Bc8 18. Qc3 Re8 19. a4 Bg4 20. Nd2 Red8 21. Nb3
Qc7 22. Nc1 Be6 23. Re1 Rdb8 24. a5 Rd8 25. b3 Rd7 26. Na2 Rd4 27. Nb4 Rad8 28.
Nxa6 Qa7 29. Nb4 Rxb4 30. Qxb4 Rxd3 31. a6 Nd7 32. Rec1 Rxb3 33. Qa5 Bc4 34.
Qb6 Nxb6 35. cxb6 Qxb6 36. a7 Rb2 37. a8=Q+ Kh7 38. Qa7 Qd8 39. Rd1 Qh4 40. Re1
Rc2 41. Qe3 Qe7 42. Rac1 Ra2 43. g3 Qd6 44. Red1 Qb4 45. Qf3 Qe7 46. h4 Qe6 47.
Rd8 Be2 48. Qf5+ Qxf5 49. exf5 Bc4 50. Rcd1 Bd5 51. R1xd5 cxd5 52. Rxd5 f6 53.
Rxb5 Rc2 54. Rb8 Ra2 55. h5 Rc2 56. Kg2 Ra2 57. Kf3 Rc2 58. Ke3 Rc3+ 1/2-1/2

[Event "Open Marianske Lazne 2018 - A + B"]
[Site "?"]
[Date "2018.01.23"]
[Round "5"]
[White "Makarian, Rudik"]
[Black "Frolov, Artur"]
[Result "1-0"]
[WhiteElo "2138"]
[BlackElo "2407"]
[PlyCount "127"]
[EventDate "2018.??.??"]

1. d4 Nf6 2. c4 g6 3. Nc3 Bg7 4. e4 d6 5. Nf3 O-O 6. h3 e5 7. d5 c5 8. Be3 Na6
9. Be2 Ne8 10. g4 Nac7 11. Nd2 a6 12. Qc2 Bd7 13. a4 Bf6 14. Nf3 b6 15. O-O-O
Ng7 16. Rdg1 b5 17. b3 bxa4 18. bxa4 Rb8 19. Qa2 Rb4 20. Kd2 Be7 21. Bh6 Qa8
22. Ne1 Qd8 23. Kc2 Bg5 24. Bxg7 Kxg7 25. Nd3 Qf6 26. h4 Bxh4 27. f4 exf4 28.
e5 dxe5 29. Ne4 Qd8 30. Nxb4 cxb4 31. Qb2 Nxd5 32. Qxe5+ Bf6 33. Qxd5 Bxa4+ 34.
Kb1 Qxd5 35. cxd5 Bd4 36. Rc1 Re8 37. Bf3 a5 38. d6 Bb3 39. Nc5 Re3 40. d7 Bf6
41. Rhf1 a4 42. Nxb3 Rxb3+ 43. Kc2 Re3 44. Kd2 b3 45. Rc8 a3 46. Bd5 a2 47.
d8=Q Bxd8 48. Rxd8 Rf3 49. Rd1 Rf2+ 50. Kc3 Rc2+ 51. Kxb3 Rd2 52. Ra1 f3 53.
Rxa2 f2 54. Ra1 h5 55. gxh5 g5 56. Kc3 Re2 57. Rf1 g4 58. Bc4 Re3+ 59. Rd3
Rxd3+ 60. Kxd3 g3 61. Bd5 Kh6 62. Ke3 Kxh5 63. Kf3 Kh4 64. Kg2 1-0

[Event "Open Marianske Lazne 2018 - A + B"]
[Site "?"]
[Date "2018.01.24"]
[Round "6"]
[White "Kulkarni, Bhakti"]
[Black "Chernyshov, Konstantin"]
[Result "1/2-1/2"]
[WhiteElo "2306"]
[BlackElo "2480"]
[PlyCount "49"]
[EventDate "2018.??.??"]

1. d4 e6 2. c4 b6 3. Nc3 Bb7 4. e4 Bb4 5. e5 f5 6. Qh5+ g6 7. Qd1 Qe7 8. Nf3 h6
9. h4 Qg7 10. Bf4 Ne7 11. Qd2 Nbc6 12. a3 Bxc3 13. Qxc3 Nd8 14. Rh3 Nf7 15. Rg3
Rg8 16. O-O-O Qf8 17. d5 exd5 18. e6 dxe6 19. cxd5 Nxd5 20. Bb5+ Ke7 21. Rxd5
Bxd5 22. Qxc7+ Kf6 23. Qc3+ Ke7 24. Qc7+ Kf6 25. Qc3+ 1/2-1/2

[Event "Open Marianske Lazne 2018 - A + B"]
[Site "?"]
[Date "2018.01.24"]
[Round "6"]
[White "Pacher, Milan"]
[Black "Miesbauer, Jan"]
[Result "1-0"]
[WhiteElo "2444"]
[BlackElo "2276"]
[PlyCount "75"]
[EventDate "2018.??.??"]

1. e4 e6 2. d3 c5 3. Nf3 Nc6 4. g3 d5 5. Nbd2 g6 6. Bg2 Bg7 7. O-O Nge7 8. Re1
O-O 9. e5 Qc7 10. Qe2 g5 11. h3 Ng6 12. Nb3 h6 13. Nxc5 Ncxe5 14. Nxe5 Qxe5 15.
Qxe5 Nxe5 16. d4 Nc4 17. c3 b6 18. Nd3 Nd6 19. f4 f6 20. g4 Rb8 21. fxg5 hxg5
22. h4 Nf7 23. hxg5 Nxg5 24. Bxg5 fxg5 25. Re3 Rb7 26. Rae1 Rbf7 27. Ne5 Bxe5
28. Rxe5 Rg7 29. R1e3 Rf4 30. Bf3 Kh7 31. Kg2 Kg6 32. Be2 Rgf7 33. Rh3 Rf2+ 34.
Kg1 R7f4 35. Rh8 Bd7 36. Rd8 Rf7 37. Bd3+ Kh6 38. Rxd7 1-0

[Event "Open Marianske Lazne 2018 - A + B"]
[Site "?"]
[Date "2018.01.24"]
[Round "6"]
[White "Chekletsov, Ilya"]
[Black "Lizak, Peter"]
[Result "1-0"]
[WhiteElo "2373"]
[BlackElo "2458"]
[PlyCount "89"]
[EventDate "2018.??.??"]

1. d4 e6 2. c4 b6 3. a3 Bb7 4. Nc3 Nf6 5. Nf3 Ne4 6. Bd2 Be7 7. g3 Bf6 8. Nxe4
Bxe4 9. Bc3 c5 10. Bg2 cxd4 11. Bxd4 Nc6 12. O-O Nxd4 13. Nxd4 Bxg2 14. Kxg2
O-O 15. e3 d5 16. Qa4 dxc4 17. Qxc4 Rc8 18. Qa4 Qd5+ 19. Kg1 a5 20. Rac1 h5 21.
h4 Rfd8 22. Nc6 b5 23. Qc2 Qf3 24. Qc5 Kh7 25. Qxb5 Rd2 26. Qxa5 Rxb2 27. Qa6
Rg8 28. Qd3+ Kh6 29. Rc5 g5 30. hxg5+ Rxg5 31. Rxg5 Kxg5 32. Nd4 Qd5 33. Qh7
Kg4 34. Rd1 Kh3 35. e4 Qg5 36. e5 Qg4 37. Qd3 Qg5 38. exf6 Qxf6 39. g4+ Kh4 40.
Qg3+ Kg5 41. Nf3+ Kg6 42. Ne5+ Kh7 43. Rd7 h4 44. Rxf7+ Qxf7 45. Qxh4+ 1-0

[Event "Open Marianske Lazne 2018 - A + B"]
[Site "?"]
[Date "2018.01.24"]
[Round "6"]
[White "Yurtseven, Melih"]
[Black "Popov, Mikhail"]
[Result "1/2-1/2"]
[WhiteElo "2404"]
[BlackElo "2416"]
[PlyCount "137"]
[EventDate "2018.??.??"]

1. c4 Nf6 2. Nc3 g6 3. e4 d6 4. d4 Bg7 5. Be2 O-O 6. Nf3 Na6 7. Be3 c6 8. h3 e5
9. d5 cxd5 10. cxd5 Nc5 11. Nd2 Ne8 12. h4 f5 13. h5 Nxe4 14. Ndxe4 fxe4 15.
hxg6 Bf5 16. gxh7+ Kh8 17. g4 Bg6 18. g5 Rf3 19. Qd2 Nc7 20. Rh4 Rf4 21. Rh6
Qxg5 22. Rh1 Qf5 23. O-O-O a6 24. Rdg1 Nb5 25. Nxb5 axb5 26. Rh2 Bf6 27. Kb1
Rf8 28. Rhg2 Bxh7 29. Bg4 Qg6 30. Bd1 Qf7 31. Bc2 Rh4 32. Rg4 Rxg4 33. Rxg4 Qh5
34. Qd1 Qh2 35. Rg1 Rg8 36. Rxg8+ Kxg8 37. Qg4+ Kh8 38. a3 Qh1+ 39. Ka2 Bg8 40.
Bb3 Qh7 41. Bg5 Bxg5 42. Qxg5 Qc7 43. Qh6+ Bh7 44. Qf6+ Kg8 45. Qxe5 Bg6 46.
Qf6 Kh7 47. Qd4 b6 48. Bd1 Qc5 49. Qd2 Qc4+ 50. Bb3 Qc5 51. Ka1 b4 52. axb4 Qb5
53. Bc2 Qf1+ 54. Ka2 Qc4+ 55. Kb1 Qf1+ 56. Qc1 Qe2 57. b3 Qxf2 58. Qh1+ Kg7 59.
Bxe4 Qe3 60. Bxg6 Qxb3+ 61. Kc1 Qe3+ 62. Kc2 Kxg6 63. Qg2+ Kf5 64. Qg8 Qe2+ 65.
Kc3 Qe1+ 66. Kc4 Qe2+ 67. Kc3 Qe1+ 68. Kb3 Qd1+ 69. Kc3 1/2-1/2

[Event "Open Marianske Lazne 2018 - A + B"]
[Site "?"]
[Date "2018.01.24"]
[Round "6"]
[White "Plat, Vojtech"]
[Black "Liu, Yi"]
[Result "1/2-1/2"]
[WhiteElo "2569"]
[BlackElo "2337"]
[PlyCount "127"]
[EventDate "2018.??.??"]

1. e4 e6 2. d3 d5 3. Qe2 Be7 4. Nf3 Nf6 5. Bg5 h6 6. Bxf6 Bxf6 7. c3 c5 8. g3
O-O 9. Bg2 Nc6 10. O-O b5 11. Nbd2 Bb7 12. d4 cxd4 13. e5 Be7 14. cxd4 Qb6 15.
Qe3 Rfc8 16. Rfc1 a5 17. Rc3 Rc7 18. Rac1 Rac8 19. Bf1 b4 20. R3c2 Nxe5 21.
Rxc7 Nxf3+ 22. Nxf3 Rxc7 23. Bd3 Rxc1+ 24. Qxc1 Bf6 25. Qf4 Ba6 26. Qd2 Bxd3
27. Qxd3 Qc6 28. Qb3 g5 29. h3 Qc1+ 30. Kg2 h5 31. a3 g4 32. hxg4 hxg4 33. Nh2
Bxd4 34. axb4 axb4 35. Qxb4 Qxb2 36. Qxb2 Bxb2 37. Nxg4 f5 38. Ne3 Kf7 39. f4
Ke7 40. Kf3 Bc1 41. Nd1 Kd6 42. Nf2 d4 43. Nd3 Ba3 44. g4 Kd5 45. g5 Kc4 46. g6
Bf8 47. Ke2 Kc3 48. Ne5 Kc2 49. Nd3 Bg7 50. Ne1+ Kc3 51. Nd3 Bf6 52. Nc5 Kc2
53. Nd3 Bh8 54. Ne1+ Kc3 55. Nd3 Bg7 56. Nc5 Kc2 57. Nd3 Bf8 58. Ne1+ Kc3 59.
Nd3 Kc4 60. Ne5+ Kd5 61. Kd3 Bg7 62. Nf3 Bf6 63. Ne5 Bg7 64. Nf3 1/2-1/2

[Event "Open Marianske Lazne 2018 - A + B"]
[Site "?"]
[Date "2018.01.24"]
[Round "6"]
[White "Obolentseva, Alexandra"]
[Black "Janik, Igor"]
[Result "1-0"]
[WhiteElo "2315"]
[BlackElo "2411"]
[PlyCount "83"]
[EventDate "2018.??.??"]

1. d4 d6 2. Nf3 g6 3. c4 Bg7 4. Nc3 Bg4 5. g3 Bxf3 6. exf3 e6 7. Bh3 Ne7 8. d5
exd5 9. cxd5 O-O 10. O-O Nd7 11. Re1 Re8 12. Bg5 h6 13. Be3 Ne5 14. Rb1 Nc8 15.
Qe2 f5 16. f4 Nd7 17. Qd2 Ncb6 18. Bf1 a6 19. Rbd1 Qf6 20. a4 Nf8 21. a5 Nbd7
22. Na4 Re4 23. Qc2 Qf7 24. Bg2 Re7 25. Qb3 b5 26. axb6 cxb6 27. Qa3 Qf6 28.
Bxb6 Rxe1+ 29. Rxe1 Rc8 30. Be3 g5 31. Qd3 Re8 32. Bh3 gxf4 33. gxf4 Re4 34.
Nc3 Rb4 35. Bc1 Nc5 36. Qxf5 Ng6 37. Re8+ Kf7 38. Ne4 Nxe4 39. Qd7+ Ne7 40.
Be6+ Kg6 41. Rxe7 Nc5 42. Qe8+ 1-0

[Event "Open Marianske Lazne 2018 - A + B"]
[Site "?"]
[Date "2018.01.24"]
[Round "6"]
[White "Yeritsyan, Aram"]
[Black "Nguyen, Thai Dai Van"]
[Result "0-1"]
[WhiteElo "2309"]
[BlackElo "2510"]
[PlyCount "62"]
[EventDate "2018.??.??"]

1. e4 e6 2. d4 d5 3. Nc3 Nf6 4. Bg5 dxe4 5. Nxe4 Be7 6. Bxf6 gxf6 7. Nf3 f5 8.
Nc3 a6 9. Qe2 b5 10. O-O-O b4 11. Na4 Qd5 12. c4 Qa5 13. b3 Bd7 14. Nc5 Bxc5
15. dxc5 Nc6 16. Ng5 Qxc5 17. Nxf7 Rf8 18. Ng5 O-O-O 19. Rxd7 Rxd7 20. Nxe6 Qe7
21. c5 Kb8 22. Nxf8 Qxf8 23. Qe3 Qf6 24. Bd3 Qc3+ 25. Bc2 Qa1+ 26. Bb1 Ne5 27.
Kc2 f4 28. Qe1 Qd4 29. Kc1 Qxc5+ 30. Kb2 Qd4+ 31. Kc1 Rd5 0-1

[Event "Open Marianske Lazne 2018 - A + B"]
[Site "?"]
[Date "2018.01.24"]
[Round "6"]
[White "Srinath, Rao S V"]
[Black "Sari, Yasin"]
[Result "1/2-1/2"]
[WhiteElo "2270"]
[BlackElo "2309"]
[PlyCount "80"]
[EventDate "2018.??.??"]

1. e4 c5 2. c3 d5 3. exd5 Qxd5 4. d4 Nc6 5. Nf3 Bf5 6. Be3 Nf6 7. Na3 cxd4 8.
Nb5 O-O-O 9. Nfxd4 Ng4 10. Qf3 Nxe3 11. Qxe3 Nxd4 12. Nxd4 Bg6 13. Be2 Qe4 14.
Qxe4 Bxe4 15. Bf3 Bg6 16. O-O-O e6 17. h4 h5 18. b4 Be7 19. g3 Bf6 20. Kb2 Rd7
21. Nb3 Rc7 22. Rc1 Kd7 23. Nc5+ Ke7 24. Kb3 b6 25. Ne4 Bxe4 26. Bxe4 Rd8 27.
c4 Bd4 28. Rc2 f5 29. Bf3 g6 30. Rd1 e5 31. Rcd2 Kf6 32. Be2 Rcd7 33. a4 Ke7
34. Rf1 e4 35. Rc2 Rc7 36. f3 Be5 37. fxe4 fxe4 38. Rg1 e3 39. g4 hxg4 40. Rxg4
Rd4 1/2-1/2

[Event "Open Marianske Lazne 2018 - A + B"]
[Site "?"]
[Date "2018.01.24"]
[Round "6"]
[White "Neuman, Petr"]
[Black "Low, Zhen Yu Cyrus"]
[Result "1-0"]
[WhiteElo "2452"]
[BlackElo "2437"]
[PlyCount "147"]
[EventDate "2018.??.??"]

1. c4 g6 2. Nf3 Bg7 3. Nc3 c5 4. g3 Nc6 5. Bg2 d6 6. O-O e6 7. e3 Nge7 8. d4
O-O 9. Ne2 b6 10. b3 Bb7 11. Bb2 Qd7 12. Qd2 cxd4 13. Nexd4 Nxd4 14. Bxd4 e5
15. Bb2 Rfd8 16. Rfd1 Qf5 17. e4 Qg4 18. h3 Qe6 19. Nh2 a6 20. Nf1 b5 21. Ne3
bxc4 22. Nxc4 Rab8 23. Bc3 Rd7 24. Ba5 Nc6 25. Rac1 Nd4 26. Nb6 Re7 27. Qd3 f5
28. exf5 gxf5 29. Bxb7 Rexb7 30. Qxa6 Rxb6 31. Bxb6 d5 32. Qa7 Rxb6 33. Rc7 Bf8
34. Rxh7 Ra6 35. Qb7 Rxa2 36. Kg2 f4 37. Rh4 f3+ 38. Kh1 Be7 39. Qb8+ Kf7 40.
Rg4 Qh6 41. h4 Kf6 42. Rg5 Re2 43. Rxd4 exd4 44. Qf4+ Ke6 45. Re5+ Rxe5 46.
Qxh6+ Bf6 47. Qg6 Re4 48. Qe8+ Kd6 49. Qb8+ Ke6 50. Qc8+ Ke5 51. g4 Bxh4 52.
Qf5+ Kd6 53. Qxf3 d3 54. Qxd3 Rxg4 55. f3 Rf4 56. Kg2 Bf6 57. Qa6+ Ke5 58. Qc6
Rd4 59. Qc2 Rf4 60. Qc7+ Kf5 61. Qc5 Ke5 62. Qc7+ Kf5 63. Qd6 Rd4 64. b4 Be5
65. Qd7+ Kf6 66. b5 Rd2+ 67. Kf1 d4 68. Qc6+ Ke7 69. f4 Bd6 70. f5 d3 71. f6+
Ke6 72. f7 Rd1+ 73. Kf2 d2 74. Qe4+ 1-0

[Event "Open Marianske Lazne 2018 - A + B"]
[Site "?"]
[Date "2018.01.24"]
[Round "6"]
[White "Stocek, Jiri"]
[Black "Stefansson, Hannes"]
[Result "1-0"]
[WhiteElo "2566"]
[BlackElo "2523"]
[PlyCount "91"]
[EventDate "2018.??.??"]

1. Nf3 Nf6 2. c4 e6 3. g3 d5 4. Bg2 Be7 5. O-O O-O 6. b3 b6 7. Bb2 Bb7 8. e3
Nbd7 9. Nc3 Ne4 10. Qe2 Bf6 11. cxd5 Nxc3 12. Bxc3 Bxc3 13. dxc3 exd5 14. Rfd1
Qf6 15. Rac1 Nc5 16. Qd2 Rfe8 17. Qd4 Qe7 18. Qh4 Qxh4 19. Nxh4 Rad8 20. Nf5
Ne4 21. g4 g6 22. Ng3 Nxg3 23. hxg3 Bc8 24. Bxd5 Bxg4 25. Rd4 Be6 26. Bc6 Rf8
27. Rcd1 Rxd4 28. cxd4 f5 29. Rc1 Kg7 30. Bb7 Rf7 31. d5 c5 32. dxc6 Rc7 33.
Rc2 a5 34. Rc3 Kf6 35. a3 Ke5 36. b4 axb4 37. axb4 Bd5 38. f4+ Kd6 39. Rd3 Ke6
40. Rc3 Kd6 41. b5 Be4 42. Kf2 h6 43. Rc1 g5 44. Rd1+ Bd5 45. fxg5 hxg5 46. g4
1-0